| 000 | 00498nam a22001817a 4500 | ||
|---|---|---|---|
| 008 | 230705b |||||||| |||| 00| 0 eng d | ||
| 020 | _a9788183612852 | ||
| 040 |
_aNational Science Library _cNational Science Library |
||
| 080 |
_a82-32SHI _bQ4 |
||
| 100 | _aShivani | ||
| 245 | _aपूतोंवाली | ||
| 246 | _aPootonwali | ||
| 260 |
_aNew Delhi: _bRadhakrishna Prakashan, _c2014 |
||
| 300 | _a155p. | ||
| 365 |
_b300.00 _cINR |
||
| 650 | _aHindi literature | ||
| 942 |
_2udc _cHBK |
||
| 999 |
_c49661 _d49661 |
||